<?xml version="1.0" encoding="utf-8"?>
<?xml-stylesheet type='text/xsl' href='./oai2.xsl'?>
<OAI-PMH xmlns="http://www.openarchives.org/OAI/2.0/" xmlns:xsi="http://www.w3.org/2001/XMLSchema-instance" xsi:schemaLocation="http://www.openarchives.org/OAI/2.0/ http://www.openarchives.org/OAI/2.0/OAI-PMH.xsd">
  <responseDate>2026-04-28T21:08:20Z</responseDate>
  <request verb="GetRecord" metadataPrefix="marcxml" identifier="isil_DE-MUS-032215_8431">https://kulturerbe.niedersachsen.de/oai</request>
  <GetRecord>
    <record>
      <header>
        <identifier>isil_DE-MUS-032215_8431</identifier>
        <datestamp>2015-08-06T06:47:05Z</datestamp>
        <setSpec>slg0155</setSpec>
      </header>
      <metadata>
        <marc:record xmlns:marc="http://www.loc.gov/MARC21/slim" xsi:schemaLocation="http://www.loc.gov/MARC21/slim http://www.loc.gov/standards/marcxml/schema/MARC21slim.xsd">
          <marc:leader>12345nrm  22     uu 4500</marc:leader>
          <marc:controlfield tag="001">8431</marc:controlfield>
          <marc:controlfield tag="005">2015-05-19T07:51:00</marc:controlfield>
          <marc:controlfield tag="008">|           ||||||||||||||||||||||</marc:controlfield>
          <marc:datafield tag="245" ind1="1" ind2="0">
            <marc:subfield code="a">Tintengeschirr</marc:subfield>
          </marc:datafield>
          <marc:datafield tag="655" ind1=" " ind2="7">
            <marc:subfield code="a">Kunsthandwerk</marc:subfield>
          </marc:datafield>
          <marc:datafield tag="046" ind1=" " ind2=" ">
            <marc:subfield code="k">1827</marc:subfield>
            <marc:subfield code="k">1827</marc:subfield>
            <marc:subfield code="l">1827</marc:subfield>
          </marc:datafield>
          <marc:datafield tag="260" ind1=" " ind2=" ">
            <marc:subfield code="g">1827</marc:subfield>
            <marc:subfield code="g">1827</marc:subfield>
            <marc:subfield code="g">1827</marc:subfield>
          </marc:datafield>
          <marc:datafield tag="300" ind1=" " ind2=" ">
            <marc:subfield code="a">Breite: 20,00 cm
Höhe: 9,50 cm
Tiefe: 11,30 cm</marc:subfield>
          </marc:datafield>
          <marc:datafield tag="520" ind1=" " ind2=" ">
            <marc:subfield code="a">Scherben: grau, Glasur: braun, aufgelegter Dekor in den Farben: beige, grün und dunkelbraun. Rechteckige Kastenform mit vorgesetzter Federablage auf vier Rundfüßen. Die Oberkante der Federablage vierfach ausgebogen. Die Wandung verziert mit aufgelegten Rosetten, Blättern und gekniffenen Bändern. An den Ecken der Deckplatte vier Zierknöpfe, zwei fehlen. Zwischen den Halterungen für Tintenfaß und Sandstreuer (beide fehlen), drei Löcher als Federkielhalter. Auf der Rückseite: "1827".

Hersteller: 
Schöneberg/Rheinhardswald*Töpferei Reitz</marc:subfield>
          </marc:datafield>
          <marc:datafield tag="773" ind1="0" ind2=" ">
            <marc:subfield code="t">Die Sammlung Friedrich Soennecken - Schreibgarnituren aus dem 16. bis 20. Jahrhundert</marc:subfield>
          </marc:datafield>
          <marc:datafield tag="852" ind1=" " ind2=" ">
            <marc:subfield code="a">Museumsdorf Cloppenburg - Niedersächsisches Freilichtmuseum</marc:subfield>
          </marc:datafield>
          <marc:datafield tag="" ind1=" " ind2=" ">
            <marc:subfield code="a">Namensnennung 4.0 International (CC BY 4.0)</marc:subfield>
          </marc:datafield>
        </marc:record>
      </metadata>
    </record>
  </GetRecord>
</OAI-PMH>
